000
00371nam a22001577a 4500
003
MPLRDC
005
20220104125007.0
008
210129b ||||| |||| 00| 0 eng d
082
_a
738.4 ZKJ c.3*
100
_a
钟开基著
245
_a
柬埔寨人民的血泪篇
_c
260
_a
_b
赤土书局
_c
1983
300
_b
平
650
_a
942
_c
BK
_o
738.4 ZKJ c.3*
999
_c
23790
_d
23780